Obálka Náhled e-knihy:
PDF Epub
Pro půjčování e-knih musíte být přihlášeni.
Jak si půjčit online?

Duna /

Kultovní dílo ze zlatého fondu světové science-fiction zavádí čtenáře na pouštní planetu Arrakis. Pouze zde se vyskytuje vzácné koření, které prodlužuje život a propůjčuje mimořádné psychické schopnosti. Získat vládu nad planetou ale není jednoduché.

Uloženo v:
Série:Duna, část 1
Hlavní autor: Herbert, Frank, 1920-1986 (Autor)
Další autoři: Smékal, Jindřich, 1936-1995 (Autor), Blažek, Karel, 1948- (Překladatel)
Médium: E-kniha
Jazyk:Czech
Vydáno: Praha : Baronet, 2023
Vydání:9. vydání
Témata:
Příbuzné jednotky:Z cyklu:: Duna
Tagy:
Žádné tagy
LEADER 03004nam a2200493 i 4500
001 312195
003 CZ PrSKC
005 20260601215718.0
007 ta
008 231123s2023 xr g 000 f cze
015 |a cnb003575222 
020 |a 9788026924210  |q (soubor 2024) :  |c Kč 2790,00 
020 |a 978-80-269-2211-7  |q (brožováno) :  |c Kč 599,00 
035 |a (OCoLC)1420608231 
040 |a ABG001  |b cze  |e rda 
041 1 |a cze  |h eng 
072 7 |a 821.111(73)-3  |x Americká próza  |2 Konspekt 
080 |a 821.111(73)-31  |2 MRF 
080 |a (0:82-311.9)  |2 MRF 
100 1 |a Herbert, Frank,  |d 1920-1986  |7 jn19990003407  |4 aut 
240 0 0 |a Dune.  |l Česky 
245 1 0 |a Duna /  |c Frank Herbert ; z anglického originálu Dune ... přeložili Jindřich Smékal a Karel Blažek 
250 |a 9. vydání 
264 1 |a Praha :  |b Baronet,  |c 2023 
300 |a 638 stran ;  |c 20 cm 
336 |a text  |b txt  |2 rdacontent 
337 |a bez média  |b n  |2 rdamedia 
338 |a svazek  |b nc  |2 rdacarrier 
500 |a Část nákladu distribuována v roce 2024 v souboru 6 svazků (Duna, Božský imperátor Duny, Děti Duny, Spasitel Duny, Kapitula: Duna, Kacíři Duny) v kartonovém pouzdru bez souborného názvu; ISBN souboru pouze na krabici 
520 2 |a Kultovní dílo ze zlatého fondu světové science-fiction zavádí čtenáře na pouštní planetu Arrakis. Pouze zde se vyskytuje vzácné koření, které prodlužuje život a propůjčuje mimořádné psychické schopnosti. Získat vládu nad planetou ale není jednoduché.  |b Příběh Duny se odehrává v daleké budoucnosti v mezihvězdném impériu. Mladý Paul Atreides odlétá na Arrakis, pouštní planetu, jež je jediným zdrojem výjimečného koření, nejdůležitější a nejcennější látky ve vesmíru s podivuhodnými vlastnostmi. A v tu chvíli se rozbíhá mnohovrstvá interakce složitého světa politiky, náboženství, ekologie, technologie a lidských emocí, to vše ve snaze ovládnout Arrakis, protože ten, kdo ovládá Arrakis, ovládá i koření... Nakladatelská anotace. 
655 7 |a americké romány  |7 fd131796  |2 czenas 
655 7 |a vědecko-fantastické romány  |7 fd133847  |2 czenas 
655 9 |a American fiction  |2 eczenas 
655 9 |a science fiction novels  |2 eczenas 
700 1 |a Smékal, Jindřich,  |d 1936-1995  |7 ola2004182249  |4 trl 
700 1 |a Blažek, Karel,  |d 1948-  |7 jk01012316  |4 trl 
740 0 2 |a Duna - box 
787 0 8 |i Z cyklu:  |t Duna  |g 1 
900 |a ABA001  |b 21 
928 9 |a Albatros Media - Baronet 
044 |a xr 
910 |a RBIT002 
998 |d 391779  |a https://core.palmknihy.cz/api/books/391779/cover?sgla9s  |b https://core.palmknihy.cz/api/books/391779/cover/400?sgla9s  |c https://core.palmknihy.cz/api/books/391779/cover/50?sgla9s  |e 2029-04-29  |g 640  |i 9788026922117  |j https://core.palmknihy.cz/api/books/391779/preview.epub  |k https://core.palmknihy.cz/api/books/391779/preview.pdf  |l   |q 49  |r 1  |s https://www.palmknihy.cz/kniha/391779  |t ebook  |y 2023  |z 0  |v Duna - retro vydání  |w 0 
999 |d 312193